000 00762cam a2200193 a 4500
001 000007626
005 20200929154234.0
008 860915s1985 sp a b f000 0bspa
020 _a8474333482
040 _aDO-SdBNP
_bspa
_cBNPHU
082 _a923.587
_bR741M
100 1 _aMariátegui, Eduardo de.
_921157
245 1 3 _aEl capitán Cristóbal de Rojas ingeniero militar del siglo XVI /
_cEduardo de Mariátegui.
260 _aMadrid :
_bCEDEX, Centro de Estudios y Experimentación de Obras Publicas ;
_bCEHOPU, Comisión de Estudios Históricos de Obras Públicas y Urbanismo,
_c1985.
300 _a132 p. :
_bil. ;
_c30 cm.
490 1 _aBiblioteca CEHOPU
600 1 4 _aROJAS, CRITÓBAL DE,
_d1858-1890
_921158
650 4 _aIngenieros militares
_zEspaña
_921159
999 _c7406
_d7406